000 00386nam a2200145Ia 4500
008 240729s9999 xx 000 0 und d
245 0 _aJournal on Mathematics Education
260 _aIndonesia
260 _bSriwijaya University
650 _a Mathematics
650 _aScience
856 _uhttps://doaj.org/toc/8bbbc2e052d64ca48ce5a938e2300a52
942 _2ddc
942 _cDOAJEJ
999 _c69819
_d69819
945 _a1
_bMadushi Gamage
_c1
_dMadushi Gamage